<?xml version="1.0" encoding="UTF-8"?><?xml-stylesheet type="text/xsl" href="static/style.xsl"?><OAI-PMH xmlns="http://www.openarchives.org/OAI/2.0/" xmlns:xsi="http://www.w3.org/2001/XMLSchema-instance" xsi:schemaLocation="http://www.openarchives.org/OAI/2.0/ http://www.openarchives.org/OAI/2.0/OAI-PMH.xsd"><responseDate>2026-04-26T22:07:26Z</responseDate><request verb="GetRecord" identifier="oai:uvadoc.uva.es:10324/2972" metadataPrefix="marc">https://uvadoc.uva.es/oai/request</request><GetRecord><record><header><identifier>oai:uvadoc.uva.es:10324/2972</identifier><datestamp>2021-09-07T08:41:14Z</datestamp><setSpec>com_10324_38</setSpec><setSpec>col_10324_852</setSpec></header><metadata><record xmlns="http://www.loc.gov/MARC21/slim" xmlns:doc="http://www.lyncode.com/xoai" xmlns:xsi="http://www.w3.org/2001/XMLSchema-instance" xmlns:dcterms="http://purl.org/dc/terms/" xsi:schemaLocation="http://www.loc.gov/MARC21/slim http://www.loc.gov/standards/marcxml/schema/MARC21slim.xsd">
<leader>00925njm 22002777a 4500</leader>
<datafield tag="042" ind1=" " ind2=" ">
<subfield code="a">dc</subfield>
</datafield>
<datafield tag="720" ind1=" " ind2=" ">
<subfield code="a">García Acebes, Sara</subfield>
<subfield code="e">author</subfield>
</datafield>
<datafield tag="260" ind1=" " ind2=" ">
<subfield code="c">2012</subfield>
</datafield>
<datafield tag="520" ind1=" " ind2=" ">
<subfield code="a">Los hábitos de alimentación de la población española están empeorando cada&#xd;
día y es necesario que se haga algo para paliar esta situación. Un tipo de medidas que se&#xd;
puede tomar son las intervenciones educativas que harán que los niños adquieran&#xd;
buenos hábitos de alimentación desde pequeños, eliminado así también las futuras&#xd;
problemáticas alimentarias. En este trabajo se propone una unidad didáctica sobre la&#xd;
alimentación, que usa cuentos con personajes de la literatura inglesa para hacer el tema&#xd;
atrayente al alumnado de Educación Primaria.</subfield>
</datafield>
<datafield tag="024" ind2=" " ind1="8">
<subfield code="a">http://uvadoc.uva.es/handle/10324/2972</subfield>
</datafield>
<datafield ind1=" " ind2=" " tag="653">
<subfield code="a">Inglés (Lengua) - Estudio y enseñanza (Primaria)</subfield>
</datafield>
<datafield ind1=" " ind2=" " tag="653">
<subfield code="a">Alimentación - Estudio y enseñanza (Primaria)</subfield>
</datafield>
<datafield ind1=" " ind2=" " tag="653">
<subfield code="a">Niños - Alimentación</subfield>
</datafield>
<datafield tag="245" ind1="0" ind2="0">
<subfield code="a">Adquisición de buenos hábitos de alimentación en el alumnado del primer ciclo de Educación Primaria a través de textos en lengua inglesa</subfield>
</datafield>
</record></metadata></record></GetRecord></OAI-PMH>